[Event "Asian Zonal-ch 3.5 Women 2019"]
[Site "Zi Bo"]
[Date "2019.09.07"]
[Round "5.11"]
[White "Zhao, Caidi"]
[Black "Zhou, Zirun"]
[Result "0-1"]
[WhiteElo "1540"]
[BlackElo "2155"]
[Annotator "ChessBase"]
[PlyCount "90"]
[EventDate "2019.09.05"]
[EventType "swiss"]
[EventCountry "CHN"]
[SourceTitle "playchess.com"]
[Source "ChessBase"]
[SourceQuality "1"]
[TimeControl "5400+30"]

1. e4 {[%emt 0:00:00]} e5 {[%emt 0:00:00]} 2. Nf3 {[%emt 0:00:00]} Nc6 {[%emt 0:00:00]} 3. Bb5 {[%emt 0:00:00]} a6 {[%emt 0:00:00]} 4. Ba4 {[%emt 0:00:00]} Nf6 {[%emt 0:00:00]} 5. d3 {[%emt 0:00:00]} b5 {[%emt 0:00:00]} 6. Bb3 {[%emt 0:00:00]} Bc5 {[%emt 0:00:02]} 7. Nc3 {[%emt 0:00:33]} d6 {[%emt 0:00:33]} 8. Nd5 {[%emt 0:00:23]} h6 {[%emt 0:00:07]} 9. c3 {[%emt 0:00:32]} Rb8 {[%emt 0:00:15]} 10. O-O {[%emt 0:01:36]} O-O {[%emt 0:00:08]} 11. Be3 {[%emt 0:00:42]} Nxd5 {[%emt 0:05:03]} 12. Bxd5 {[%emt 0:00:53]} Bxe3 {[%emt 0:00:25]} 13. fxe3 {[%emt 0:01:28]} Ne7 {[%emt 0:00:10]} 14. Bb3 {[%emt 0:00:41]} Kh8 {[%emt 0:00:43]} 15. d4 {[%emt 0:01:39]} exd4 {[%emt 0:01:12]} 16. exd4 {[%emt 0:00:18]} f5 {[%emt 0:00:30]} 17. exf5 {[%emt 0:04:45]} Nxf5 {[%emt 0:00:09]} 18. Qd2 {[%emt 0:01:03]} Bd7 {[%emt 0:05:59]} 19. Rae1 {[%emt 0:03:10]} a5 {[%emt 0:08:00]} 20. Be6 {[%emt 0:05:16]} Bxe6 {[%emt 0:00:56]} 21. Rxe6 {[%emt 0:00:03]} Nh4 {[%emt 0:02:42]} 22. Qe3 {[%emt 0:03:46]} Nxf3+ {[%emt 0:00:19]} 23. Rxf3 {[%emt 0:00:18]} Rxf3 {[%emt 0:00:09]} 24. Qxf3 {[%emt 0:00:09]} Qg5 {[%emt 0:00:05]} 25. Qe3 {[%emt 0:03:18]} Qxe3+ {[%emt 0:00:48]} 26. Rxe3 {[%emt 0:00:04]} b4 {[%emt 0:00:06]} 27. c4 {[%emt 0:02:27]} Rf8 {[%emt 0:00:56]} 28. b3 {[%emt 0:02:18]} Rf4 {[%emt 0:01:17]} 29. d5 {[%emt 0:00:49]} Rd4 {[%emt 0:00:07]} 30. Re2 {[%emt 0:00:35]} a4 {[%emt 0:00:49]} 31. Kf2 {[%emt 0:03:02]} a3 {[%emt 0:01:17]} 32. Ke3 {[%emt 0:01:22]} Rd1 {[%emt 0:00:08]} 33. Kf4 {[%emt 0:01:05]} Kg8 {[%emt 0:00:06]} 34. Kf3 {[%emt 0:00:53]} Kf7 {[%emt 0:00:12]} 35. Kf4 {[%emt 0:00:22]} Rh1 {[%emt 0:01:27]} 36. h3 {[%emt 0:00:30]} Rb1 {[%emt 0:00:11]} 37. Ke3 {[%emt 0:02:45]} Kf6 {[%emt 0:00:05]} 38. Kd3 {[%emt 0:02:43]} Kf5 {[%emt 0:04:52]} 39. Rf2+ {[%emt 0:10:21]} Ke5 {[%emt 0:00:20]} 40. Rf7 {[%emt 0:15:06]} Rb2 {[%emt 0:01:02]} 41. Rxc7 {[%emt 0:00:13]} Rxa2 {[%emt 0:00:04]} 42. Rb7 {[%emt 0:01:49]} Ra1 {[%emt 0:01:46]} 43. Kc2 {[%emt 0:01:31]} Rg1 {[%emt 0:00:07]} 44. Ra7 {[%emt 0:01:29]} Kd4 {[%emt 0:00:06]} 45. g4 {[%emt 0:01:20]} Rg2+ {[%emt 0:00:08]} 0-1

[Event "Asian Zonal-ch 3.5 Women 2019"]
[Site "Zi Bo"]
[Date "2019.09.07"]
[Round "5.12"]
[White "Xue, Yue"]
[Black "Ha, Yihan"]
[Result "1-0"]
[WhiteElo "1678"]
[BlackElo "1580"]
[Annotator "NA"]
[PlyCount "101"]
[EventDate "2019.09.05"]
[EventType "swiss"]
[EventCountry "CHN"]
[SourceTitle "playchess.com"]
[Source "ChessBase"]
[SourceQuality "1"]
[TimeControl "5400+30"]

1. e4 {[%emt 0:00:00]} c6 {[%emt 0:00:00]} 2. d4 {[%emt 0:00:00]} d5 {[%emt 0:00:00]} 3. e5 {[%emt 0:00:04]} Bf5 {[%emt 0:00:00]} 4. Nf3 {[%emt 0:00:05]} e6 {[%emt 0:00:03]} 5. Be2 {[%emt 0:00:09]} Nd7 {[%emt 0:00:08]} 6. O-O {[%emt 0:00:56]} Ne7 {[%emt 0:00:09]} 7. Nbd2 {[%emt 0:02:43]} h6 {[%emt 0:00:10]} 8. c3 {[%emt 0:02:08]} g5 {[%emt 0:00:45]} 9. Ne1 {[%emt 0:04:47]} Qc7 {[%emt 0:01:00]} 10. Nb3 {[%emt 0:05:59]} Bg7 {[%emt 0:01:00]} 11. Be3 {[%emt 0:03:04]} Bg6 {[%emt 0:00:52]} 12. Nd3 {[%emt 0:12:25]} b6 {[%emt 0:00:58]} 13. Bh5 {[%emt 0:06:34]} Rc8 {[%emt 0:03:00]} 14. f4 {[%emt 0:07:18]} gxf4 {[%emt 0:17:15]} 15. Bxg6 {[%emt 0:01:08]} Nxg6 {[%emt 0:00:33]} 16. Nxf4 {[%emt 0:03:00]} Ndf8 {[%emt 0:01:54]} 17. Nh5 {[%emt 0:09:18]} Rg8 {[%emt 0:01:38]} 18. Nxg7+ {[%emt 0:02:20]} Rxg7 {[%emt 0:00:02]} 19. Bxh6 {[%emt 0:00:09]} Rg8 {[%emt 0:00:56]} 20. Qe1 {[%emt 0:05:45]} Qe7 {[%emt 0:00:54]} 21. Rc1 {[%emt 0:05:08]} Nh4 {[%emt 0:08:11]} 22. Rc2 {[%emt 0:00:33]} c5 {[%emt 0:02:09]} 23. Rcf2 {[%emt 0:02:58]} Nf5 {[%emt 0:02:05]} 24. Be3 {[%emt 0:05:38]} c4 {[%emt 0:02:57]} 25. Nd2 {[%emt 0:02:55]} Qh4 {[%emt 0:01:23]} 26. Rxf5 {[%emt 0:08:07]} Qxe1 {[%emt 0:01:16]} 27. Rxe1 {[%emt 0:00:01]} exf5 {[%emt 0:00:09]} 28. Rf1 {[%emt 0:00:01]} Ne6 {[%emt 0:01:09]} 29. Rxf5 {[%emt 0:00:07]} Ke7 {[%emt 0:00:25]} 30. Nf3 {[%emt 0:03:19]} Rg6 {[%emt 0:01:26]} 31. h4 {[%emt 0:01:30]} Rcg8 {[%emt 0:00:53]} 32. Ng5 {[%emt 0:00:13]} Nxg5 {[%emt 0:01:17]} 33. Bxg5+ {[%emt 0:00:02]} Ke6 {[%emt 0:00:12]} 34. g4 {[%emt 0:01:27]} b5 {[%emt 0:01:40]} 35. Kf2 {[%emt 0:00:17]} a5 {[%emt 0:01:40]} 36. Kf3 {[%emt 0:00:31]} b4 {[%emt 0:00:30]} 37. Rf6+ {[%emt 0:01:07]} Rxf6+ {[%emt 0:00:21]} 38. Bxf6 {[%emt 0:00:03]} a4 {[%emt 0:01:24]} 39. cxb4 {[%emt 0:03:04]} a3 {[%emt 0:00:07]} 40. bxa3 {[%emt 0:00:27]} c3 {[%emt 0:00:38]} 41. Ke2 {[%emt 0:00:36]} Rxg4 {[%emt 0:00:48]} 42. Kd3 {[%emt 0:00:14]} Rg3+ {[%emt 0:00:37]} 43. Kc2 {[%emt 0:00:04]} Kf5 {[%emt 0:01:02]} 44. b5 {[%emt 0:01:04]} Ke4 {[%emt 0:00:38]} 45. e6 {[%emt 0:02:03]} fxe6 {[%emt 0:00:39]} 46. b6 {[%emt 0:00:02]} Rg2+ {[%emt 0:02:36]} 47. Kxc3 {[%emt 0:00:03]} Rg1 {[%emt 0:00:06]} 48. a4 {[%emt 0:01:08]} Rb1 {[%emt 0:00:33]} 49. a5 {[%emt 0:00:02]} Rb5 {[%emt 0:00:09]} 50. Be5 {[%emt 0:00:26]} Kf5 {[%emt 0:00:38]} 51. Bc7 {[%emt 0:00:22]} 1-0

[Event "Asian Zonal-ch 3.5 Women 2019"]
[Site "Zi Bo"]
[Date "2019.09.08"]
[Round "6.1"]
[White "Li, Yunshan"]
[Black "Zhu, Jiner"]
[Result "0-1"]
[WhiteElo "2261"]
[BlackElo "2471"]
[Annotator "ChessBase"]
[PlyCount "76"]
[EventDate "2019.09.05"]
[EventType "swiss"]
[EventCountry "CHN"]
[SourceTitle "playchess.com"]
[Source "ChessBase"]
[SourceQuality "1"]
[TimeControl "5400+30"]

1. d4 {[%emt 0:00:00]} Nf6 {[%emt 0:00:00]} 2. c4 {[%emt 0:00:00]} e6 {[%emt 0:00:00]} 3. g3 {[%emt 0:00:00]} d5 {[%emt 0:00:00]} 4. Bg2 {[%emt 0:00:05]} Be7 {[%emt 0:00:09]} 5. Nf3 {[%emt 0:00:16]} O-O {[%emt 0:00:10]} 6. Qc2 {[%emt 0:00:29]} dxc4 {[%emt 0:00:34]} 7. Nbd2 {[%emt 0:03:19]} Nc6 {[%emt 0:17:34]} 8. Qxc4 {[%emt 0:02:01]} a5 {[%emt 0:04:47]} 9. O-O {[%emt 0:06:52]} a4 {[%emt 0:00:05]} 10. e4 {[%emt 0:01:16]} Bd7 {[%emt 0:03:04]} 11. Rd1 {[%emt 0:12:21]} Na5 {[%emt 0:04:03]} 12. Qc2 {[%emt 0:01:05]} Bb5 {[%emt 0:00:49]} 13. Nf1 {[%emt 0:04:20]} Ra6 {[%emt 0:11:54]} 14. Bf4 {[%emt 0:06:32]} a3 {[%emt 0:08:08]} 15. b3 {[%emt 0:04:24]} Nc6 {[%emt 0:01:36]} 16. Rac1 {[%emt 0:10:24]} Nb4 {[%emt 0:00:15]} 17. Qb1 {[%emt 0:00:14]} Rc6 {[%emt 0:01:41]} 18. Rxc6 {[%emt 0:03:17]} bxc6 {[%emt 0:01:39]} 19. Bc1 {[%emt 0:02:45]} Qa8 {[%emt 0:00:22]} 20. Ne3 {[%emt 0:00:50]} Rd8 {[%emt 0:05:27]} 21. Ne5 {[%emt 0:10:20]} Qa7 {[%emt 0:02:20]} 22. N5c4 {[%emt 0:07:45]} Bxc4 {[%emt 0:06:00]} 23. Nxc4 {[%emt 0:02:36]} Rxd4 {[%emt 0:13:54]} 24. Rxd4 {[%emt 0:02:09]} Qxd4 {[%emt 0:00:04]} 25. Bxa3 {[%emt 0:05:20]} Bc5 {[%emt 0:00:46]} 26. Ne3 {[%emt 0:01:30]} Qd2 {[%emt 0:00:29]} 27. Bxb4 {[%emt 0:02:08]} Bxb4 {[%emt 0:00:07]} 28. Qd1 {[%emt 0:02:10]} Qxa2 {[%emt 0:00:19]} 29. Qd8+ {[%emt 0:00:13]} Bf8 {[%emt 0:00:03]} 30. Qxc7 {[%emt 0:00:41]} Qb1+ {[%emt 0:00:06]} 31. Bf1 {[%emt 0:04:03]} Qxe4 {[%emt 0:00:42]} 32. Nc4 {[%emt 0:00:12]} Ng4 {[%emt 0:01:51]} 33. Qb6 {[%emt 0:05:38]} Qf5 {[%emt 0:01:47]} 34. Kg2 {[%emt 0:00:56]} c5 {[%emt 0:00:22]} 35. f3 {[%emt 0:00:43]} Qc2+ {[%emt 0:00:11]} 36. Kh3 {[%emt 0:00:05]} Nf2+ {[%emt 0:00:17]} 37. Kg2 {[%emt 0:00:27]} Ne4+ {[%emt 0:00:17]} 38. Kh3 {[%emt 0:00:27]} Ng5+ {[%emt 0:00:05]} 0-1

[Event "Asian Zonal-ch 3.5 Women 2019"]
[Site "Zi Bo"]
[Date "2019.09.08"]
[Round "6.2"]
[White "Yan, Tianqi"]
[Black "Lei, Tingjie"]
[Result "1/2-1/2"]
[WhiteElo "2122"]
[BlackElo "2483"]
[Annotator "TA"]
[PlyCount "105"]
[EventDate "2019.09.05"]
[EventType "swiss"]
[EventCountry "CHN"]
[SourceTitle "playchess.com"]
[Source "ChessBase"]
[SourceQuality "1"]

{[%evp 9,105,-13,32,18,28,15,33,18,22,12,1,2,91,82,112,83,80,83,86,-2,-2,0,-8,-104,-21,0,22,60,26,-87,75,0,0,0,216,220,209,211,195,201,419,413,441,453,450,454,576,562,570,350,545,564,550,555,557,528,651,601,575,575,570,544,539,495,921,706,924,632,770,753,959,943,827,685,707,693,632,404,623,375,401,287,284,0,395,0,275,0,170,0,0,0,0,0,0,0,0,0]} 1. e4 d6 2. d4 Nf6 3. f3 e6 (3... e5 4. dxe5 dxe5 5. Qxd8+ Kxd8 6. Bc4 Ke8 7. Ne2 Bc5 8. Bd2 Nbd7 9. Nc1 Ke7 10. a4 a5 11. Nb3 Bb6 12. Bc3 Ne8 13. Na3 Nd6 14. O-O-O f6 {1-0 (43) Vallejo Pons,F (2707)-Onischuk,V (2637) Riadh 2017}) 4. c4 c5 5. Ne2 Be7 6. Nbc3 {B07: Pirc Defence: Miscellaneous Systems} O-O 7. Be3 Nbd7 8. Qd2 {White is slightly better.} a6 $146 ({Predecessor:} 8... Qa5 9. b3 d5 10. exd5 cxd4 11. Bxd4 exd5 12. Nxd5 Qxd2+ 13. Kxd2 Nxd5 14. cxd5 {1-0 (25) Riihimaki,P (1946)-Kangasniemi,J (1878) Finland 2016}) 9. g4 Qa5 10. a4 Qc7 (10... Rd8 $11) 11. g5 $16 Ne8 12. h4 cxd4 13. Nxd4 Ne5 14. b3 (14. Qe2 $16) 14... d5 $11 15. exd5 Bb4 16. dxe6 (16. O-O-O $11 {remains equal.}) 16... fxe6 (16... Bxe6 $17 {...Nxf3+! is the strong threat.} 17. Kf2 Rd8) 17. Be2 $36 {[%mdl 2048] White has the initiative.} b5 18. axb5 Bb7 {[%cal Re5f3]} 19. Rh3 {[#]} (19. b6 $11 Qxb6 20. Nc2 Nxf3+ 21. Bxf3 Rxf3 22. Bxb6 Bxc3 23. Nd4 {[%mdl 64] Double Attack} Bxd2+ 24. Kxd2 Rf2+ {[%mdl 64] Discovered Attack} 25. Ne2) 19... Rd8 $2 {[#]} (19... axb5 $1 $17 {and life is bright.} 20. Rxa8 Bxa8 21. Ndxb5 Qa5) 20. bxa6 (20. Ra4 $1 $16 {[%cal Ra4b4]} a5 21. Rxb4 (21. Nxe6 Qc8 $17) 21... axb4 22. Ne4) 20... Nxf3+ 21. Bxf3 Rxf3 $2 (21... Bxf3 $11 22. Rxf3 Rxf3 23. Nxf3 Rxd2 24. Kxd2 Qg3) 22. Nxf3 $18 Rxd2 23. Bxd2 ({Don't do} 23. Kxd2 $6 Be4 $14) 23... Ba8 24. Ne2 Bxd2+ $2 (24... Bd6 {keeps fighting.} 25. Bc3 Qc6) 25. Nxd2 ({Less strong is} 25. Kxd2 Nd6 $18) 25... Qe5 26. Ra4 Nd6 27. Rd3 Nf5 28. a7 {Threatens to win with Rd8+.} Kf7 29. b4 Qh2 (29... Nxh4 $142 30. Ra5 Qb2) 30. Nf3 Qh1+ 31. Kd2 Qb1 32. Ne1 Qb2+ 33. Nc2 Qe5 34. b5 Nd6 35. Re3 Qc5 36. Kc1 Nc8 (36... e5 $142 37. Rd3 Qc7) 37. Ned4 Nb6 38. Ra6 Nxc4 39. Rexe6 Qd5 40. Re1 Qg2 41. Ra4 Qd2+ 42. Kb1 Qc3 {[%csl Gc4][%cal Rc3b2]} 43. Ra2 Nd2+ 44. Kc1 Nc4 {If Black can now play ...Kg6 this consolidates a bit.} 45. Rf1+ Kg6 46. Re1 Kf7 $1 47. Rf1+ Kg6 $1 {intending ...Qd2+.} 48. b6 $2 (48. Ra4 $18) 48... Qd2+ $1 $11 49. Kb1 {And now Ra4 would win.} Be4 $1 {The position is equal.} 50. a8=Q {[%cal Ra8e8]} Qb4+ $1 {[%mdl 64] Double Attack} 51. Kc1 {[%cal Ra8e8]} Qd2+ 52. Kb1 {[%cal Ra8e8]} Qb4+ $1 {[%mdl 64] Double Attack} 53. Kc1 {Accuracy: White = 46%, Black = 53%.} 1/2-1/2

[Event "Asian Zonal-ch 3.5 Women 2019"]
[Site "Zi Bo"]
[Date "2019.09.08"]
[Round "6.3"]
[White "Zhai, Mo"]
[Black "Ning, Kaiyu"]
[Result "1-0"]
[WhiteElo "2360"]
[BlackElo "2354"]
[Annotator "NA"]
[PlyCount "123"]
[EventDate "2019.09.05"]
[EventType "swiss"]
[EventCountry "CHN"]
[SourceTitle "playchess.com"]
[Source "ChessBase"]
[SourceQuality "1"]
[TimeControl "5400+30"]

1. Nf3 {[%emt 0:00:01]} d5 {[%emt 0:00:00]} 2. g3 {[%emt 0:00:07]} c6 {[%emt 0:00:00]} 3. Bg2 {[%emt 0:00:25]} Bg4 {[%emt 0:00:00]} 4. d4 {[%emt 0:00:34]} Nf6 {[%emt 0:00:31]} 5. c4 {[%emt 0:03:00]} e6 {[%emt 0:01:02]} 6. O-O {[%emt 0:01:00]} Be7 {[%emt 0:00:32]} 7. cxd5 {[%emt 0:02:12]} exd5 {[%emt 0:00:38]} 8. Qb3 {[%emt 0:01:26]} Qb6 {[%emt 0:10:08]} 9. Qe3 {[%emt 0:00:39]} Qd8 {[%emt 0:00:20]} 10. Nh4 {[%emt 0:03:48]} O-O {[%emt 0:04:12]} 11. h3 {[%emt 0:00:26]} Bc8 {[%emt 0:00:58]} 12. Nc3 {[%emt 0:01:40]} Re8 {[%emt 0:00:31]} 13. Qd3 {[%emt 0:00:47]} Na6 {[%emt 0:10:25]} 14. a3 {[%emt 0:08:16]} Nc7 {[%emt 0:04:27]} 15. Nf5 {[%emt 0:11:01]} Bf8 {[%emt 0:09:58]} 16. g4 {[%emt 0:03:16]} Bxf5 {[%emt 0:01:31]} 17. Qxf5 {[%emt 0:02:17]} g6 {[%emt 0:02:42]} 18. Qd3 {[%emt 0:01:56]} Bg7 {[%emt 0:00:08]} 19. Rd1 {[%emt 0:01:49]} Re7 {[%emt 0:01:25]} 20. b4 {[%emt 0:04:57]} a6 {[%emt 0:08:07]} 21. a4 {[%emt 0:02:52]} Nfe8 {[%emt 0:06:09]} 22. b5 {[%emt 0:10:38]} axb5 {[%emt 0:00:27]} 23. Ba3 {[%emt 0:00:07]} b4 {[%emt 0:01:43]} 24. Bxb4 {[%emt 0:00:11]} Rd7 {[%emt 0:03:50]} 25. e3 {[%emt 0:03:28]} Ne6 {[%emt 0:00:54]} 26. Ne2 {[%emt 0:01:49]} b6 {[%emt 0:09:44]} 27. Qc2 {[%emt 0:06:22]} Rc8 {[%emt 0:00:48]} 28. Qb3 {[%emt 0:02:34]} Rb7 {[%emt 0:02:13]} 29. Rab1 {[%emt 0:03:41]} Nd6 {[%emt 0:04:14]} 30. Rdc1 {[%emt 0:05:06]} Ne4 {[%emt 0:02:05]} 31. Be1 {[%emt 0:01:49]} Bf8 {[%emt 0:02:53]} 32. Rc2 {[%emt 0:01:12]} Nd6 {[%emt 0:00:43]} 33. Rbc1 {[%emt 0:01:32]} Qd7 {[%emt 0:01:37]} 34. Nc3 {[%emt 0:05:00]} Bg7 {[%emt 0:02:54]} 35. Nxd5 {[%emt 0:03:32]} cxd5 {[%emt 0:03:39]} 36. Rxc8+ {[%emt 0:00:06]} Nxc8 {[%emt 0:00:01]} 37. Qxd5 {[%emt 0:00:10]} Nd6 {[%emt 0:01:38]} 38. Rc6 {[%emt 0:01:51]} Bf8 {[%emt 0:00:05]} 39. Rxd6 {[%emt 0:00:16]} Qxd6 {[%emt 0:00:01]} 40. Qxb7 {[%emt 0:00:09]} Qa3 {[%emt 0:00:25]} 41. Qxb6 {[%emt 0:00:37]} Qxa4 {[%emt 0:00:13]} 42. Qa5 {[%emt 0:00:59]} Qd1 {[%emt 0:00:01]} 43. Qd2 {[%emt 0:00:21]} Qb1 {[%emt 0:00:10]} 44. Bd5 {[%emt 0:00:51]} Ng5 {[%emt 0:00:23]} 45. Kg2 {[%emt 0:00:50]} Qb5 {[%emt 0:01:47]} 46. Qa2 {[%emt 0:01:28]} Qd7 {[%emt 0:00:05]} 47. f4 {[%emt 0:00:48]} Ne6 {[%emt 0:00:26]} 48. Bxe6 {[%emt 0:02:29]} fxe6 {[%emt 0:00:07]} 49. f5 {[%emt 0:01:18]} Qc6+ {[%emt 0:00:12]} 50. Kg1 {[%emt 0:00:14]} Qf3 {[%emt 0:01:00]} 51. Qxe6+ {[%emt 0:00:11]} Kh8 {[%emt 0:00:14]} 52. Qe5+ {[%emt 0:00:21]} Kg8 {[%emt 0:00:03]} 53. fxg6 {[%emt 0:01:08]} hxg6 {[%emt 0:00:14]} 54. Qg3 {[%emt 0:00:49]} Qe4 {[%emt 0:00:12]} 55. Bf2 {[%emt 0:00:45]} Bg7 {[%emt 0:00:34]} 56. Qf4 {[%emt 0:00:13]} Qb1+ {[%emt 0:00:37]} 57. Kg2 {[%emt 0:00:05]} Qd3 {[%emt 0:00:36]} 58. h4 {[%emt 0:00:20]} Qd1 {[%emt 0:00:17]} 59. Qe4 {[%emt 0:00:12]} Kf7 {[%emt 0:00:23]} 60. d5 {[%emt 0:00:45]} Bf6 {[%emt 0:00:53]} 61. g5 {[%emt 0:00:16]} Be7 {[%emt 0:00:19]} 62. Qf3+ {[%emt 0:00:11]} 1-0

[Event "Asian Zonal-ch 3.5 Women 2019"]
[Site "Zi Bo"]
[Date "2019.09.08"]
[Round "6.4"]
[White "Huang, Qian"]
[Black "Bai, Xue"]
[Result "1-0"]
[WhiteElo "2429"]
[BlackElo "2093"]
[Annotator "ChessBase"]
[PlyCount "103"]
[EventDate "2019.09.05"]
[EventType "swiss"]
[EventCountry "CHN"]
[SourceTitle "playchess.com"]
[Source "ChessBase"]
[SourceQuality "1"]
[TimeControl "5400+30"]

1. c4 {[%emt 0:00:00]} e6 {[%emt 0:00:00]} 2. g3 {[%emt 0:00:00]} Nf6 {[%emt 0:00:00]} 3. Bg2 {[%emt 0:00:00]} d5 {[%emt 0:00:00]} 4. Nf3 {[%emt 0:00:06]} Be7 {[%emt 0:00:01]} 5. O-O {[%emt 0:00:12]} O-O {[%emt 0:00:07]} 6. b3 {[%emt 0:00:09]} d4 {[%emt 0:00:32]} 7. e3 {[%emt 0:00:37]} c5 {[%emt 0:00:07]} 8. exd4 {[%emt 0:00:04]} cxd4 {[%emt 0:00:07]} 9. d3 {[%emt 0:00:01]} Nc6 {[%emt 0:00:15]} 10. Re1 {[%emt 0:00:05]} Bb4 {[%emt 0:02:09]} 11. Re2 {[%emt 0:06:19]} Bd6 {[%emt 0:04:33]} 12. Ba3 {[%emt 0:02:41]} Qe7 {[%emt 0:03:03]} 13. Bb2 {[%emt 0:08:37]} Bc5 {[%emt 0:01:09]} 14. Nbd2 {[%emt 0:08:06]} a5 {[%emt 0:09:30]} 15. Ne5 {[%emt 0:07:56]} Nxe5 {[%emt 0:04:09]} 16. Rxe5 {[%emt 0:00:04]} Qc7 {[%emt 0:01:12]} 17. f4 {[%emt 0:03:52]} Rb8 {[%emt 0:06:54]} 18. Nf3 {[%emt 0:22:00]} Rd8 {[%emt 0:01:53]} 19. h3 {[%emt 0:04:17]} b6 {[%emt 0:01:34]} 20. a3 {[%emt 0:01:04]} Bb7 {[%emt 0:00:33]} 21. Kh2 {[%emt 0:00:08]} Nd7 {[%emt 0:02:43]} 22. Re2 {[%emt 0:01:12]} Bxf3 {[%emt 0:03:32]} 23. Bxf3 {[%emt 0:00:06]} Qd6 {[%emt 0:01:18]} 24. Bg2 {[%emt 0:05:12]} b5 {[%emt 0:05:21]} 25. Bc1 {[%emt 0:00:42]} Qa6 {[%emt 0:05:00]} 26. Rc2 {[%emt 0:02:23]} Rdc8 {[%emt 0:05:39]} 27. Bd2 {[%emt 0:00:44]} bxc4 {[%emt 0:01:31]} 28. Rxc4 {[%emt 0:00:03]} Nb6 {[%emt 0:00:39]} 29. Rcc1 {[%emt 0:00:04]} Bf8 {[%emt 0:08:33]} 30. Be1 {[%emt 0:03:05]} h6 {[%emt 0:07:01]} 31. b4 {[%emt 0:02:05]} Rxc1 {[%emt 0:03:13]} 32. Rxc1 {[%emt 0:00:02]} axb4 {[%emt 0:00:06]} 33. axb4 {[%emt 0:00:03]} Nd5 {[%emt 0:00:30]} 34. Bxd5 {[%emt 0:03:15]} exd5 {[%emt 0:00:06]} 35. Ra1 {[%emt 0:00:59]} Qe6 {[%emt 0:01:34]} 36. Rb1 {[%emt 0:00:35]} Qa6 {[%emt 0:03:29]} 37. Qc2 {[%emt 0:04:34]} Rc8 {[%emt 0:04:51]} 38. Qe2 {[%emt 0:00:10]} Qa4 {[%emt 0:00:51]} 39. Rb2 Rc1 40. Kg2 Qa3 41. Bf2 Qc3 42. b5 Ra1 43. Rc2 Qb4 {[%emt 0:02:20]} 44. Rb2 {[%emt 0:03:34]} Qc3 {[%emt 0:10:21]} 45. Qc2 {[%emt 0:09:31]} Rc1 46. Qb3 {[%emt 0:07:23]} Ba3 {[%emt 0:02:23]} 47. Rb1 {[%emt 0:00:30]} Rc2 {[%emt 0:00:30]} 48. b6 {[%emt 0:05:31]} Qd2 {[%emt 0:03:38]} 49. Rf1 {[%emt 0:00:20]} Bf8 {[%emt 0:00:19]} 50. b7 {[%emt 0:00:00]} Rb2 {[%emt 0:00:21]} 51. b8=Q {[%emt 0:00:00]} Rxb3 {[%emt 0:00:06]} 52. Qxb3 {[%emt 0:00:21]} 1-0

[Event "Asian Zonal-ch 3.5 Women 2019"]
[Site "Zi Bo"]
[Date "2019.09.08"]
[Round "6.5"]
[White "Song, Yuxin"]
[Black "Ren, Xiaoyi"]
[Result "0-1"]
[WhiteElo "2305"]
[BlackElo "2231"]
[Annotator "NA"]
[PlyCount "130"]
[EventDate "2019.09.05"]
[EventType "swiss"]
[EventCountry "CHN"]
[SourceTitle "playchess.com"]
[Source "ChessBase"]
[SourceQuality "1"]
[TimeControl "5400+30"]

1. Nf3 {[%emt 0:00:00]} d5 {[%emt 0:00:00]} 2. g3 {[%emt 0:00:00]} Nf6 {[%emt 0:00:06]} 3. Bg2 {[%emt 0:00:00]} g6 {[%emt 0:00:05]} 4. d4 {[%emt 0:00:00]} Bg7 {[%emt 0:00:04]} 5. O-O {[%emt 0:00:07]} O-O {[%emt 0:00:13]} 6. c4 {[%emt 0:00:06]} c6 {[%emt 0:00:04]} 7. Qb3 {[%emt 0:00:06]} a5 {[%emt 0:03:33]} 8. Nc3 {[%emt 0:05:18]} a4 {[%emt 0:05:09]} 9. Qd1 {[%emt 0:13:06]} dxc4 {[%emt 0:01:47]} 10. Nxa4 {[%emt 0:05:18]} Bf5 {[%emt 0:00:34]} 11. Ne5 {[%emt 0:04:24]} Ng4 {[%emt 0:07:25]} 12. Nf3 {[%emt 0:04:55]} Nf6 {[%emt 0:02:09]} 13. h3 {[%emt 0:12:02]} Qa5 {[%emt 0:02:00]} 14. Nc3 {[%emt 0:04:18]} Ne4 {[%emt 0:01:41]} 15. Bd2 {[%emt 0:06:02]} Qb6 {[%emt 0:05:00]} 16. Bc1 {[%emt 0:09:17]} Rd8 {[%emt 0:06:03]} 17. g4 {[%emt 0:00:50]} Nxc3 {[%emt 0:00:28]} 18. bxc3 {[%emt 0:00:02]} Be4 {[%emt 0:00:07]} 19. Nd2 {[%emt 0:03:17]} Bxg2 {[%emt 0:00:16]} 20. Kxg2 {[%emt 0:00:01]} Qa5 {[%emt 0:00:06]} 21. Qc2 {[%emt 0:00:46]} b5 {[%emt 0:00:17]} 22. Bb2 {[%emt 0:04:19]} Nd7 {[%emt 0:00:29]} 23. Ne4 {[%emt 0:01:36]} Qc7 {[%emt 0:00:57]} 24. a4 {[%emt 0:03:15]} e5 {[%emt 0:03:04]} 25. e3 {[%emt 0:03:12]} Nb6 {[%emt 0:05:26]} 26. axb5 {[%emt 0:02:51]} cxb5 {[%emt 0:00:14]} 27. Ba3 {[%emt 0:00:16]} exd4 {[%emt 0:03:08]} 28. cxd4 {[%emt 0:00:48]} Qc6 {[%emt 0:00:16]} 29. Kg1 {[%emt 0:00:41]} Re8 {[%emt 0:02:08]} 30. Ng3 {[%emt 0:02:11]} Qf3 {[%emt 0:02:38]} 31. Qe2 {[%emt 0:03:47]} Qc6 {[%emt 0:01:29]} 32. Qc2 {[%emt 0:00:56]} Qf3 {[%emt 0:05:10]} 33. Qe2 {[%emt 0:00:02]} Qxe2 {[%emt 0:00:05]} 34. Nxe2 {[%emt 0:00:01]} Nd5 {[%emt 0:00:06]} 35. Bc5 {[%emt 0:00:32]} Bf8 {[%emt 0:00:57]} 36. Rxa8 {[%emt 0:01:59]} Rxa8 {[%emt 0:00:07]} 37. Bxf8 {[%emt 0:00:01]} Kxf8 {[%emt 0:00:10]} 38. Rb1 {[%emt 0:00:05]} Rb8 {[%emt 0:03:20]} 39. e4 {[%emt 0:00:36]} Nc7 {[%emt 0:04:15]} 40. Kg2 {[%emt 0:03:05]} b4 {[%emt 0:00:11]} 41. d5 {[%emt 0:04:24]} Na6 {[%emt 0:01:28]} 42. Kf3 {[%emt 0:00:29]} c3 {[%emt 0:00:05]} 43. Ke3 {[%emt 0:01:18]} c2 {[%emt 0:00:39]} 44. Rb2 {[%emt 0:00:29]} b3 {[%emt 0:00:34]} 45. Nc1 {[%emt 0:01:00]} Nc5 {[%emt 0:00:19]} 46. Kd4 {[%emt 0:00:01]} Rc8 {[%emt 0:00:22]} 47. f4 {[%emt 0:00:32]} h5 {[%emt 0:04:06]} 48. g5 {[%emt 0:03:29]} h4 {[%emt 0:00:20]} 49. Ne2 {[%emt 0:02:06]} Na4 {[%emt 0:06:13]} 50. Rxb3 {[%emt 0:00:03]} c1=Q {[%emt 0:00:05]} 51. Nxc1 {[%emt 0:00:01]} Rxc1 {[%emt 0:00:09]} 52. Ke5 {[%emt 0:01:20]} Nc5 {[%emt 0:01:41]} 53. Rb8+ {[%emt 0:00:01]} Kg7 {[%emt 0:00:04]} 54. Re8 {[%emt 0:00:43]} Nd3+ {[%emt 0:00:08]} 55. Kd6 {[%emt 0:00:55]} Nxf4 {[%emt 0:00:31]} 56. Ke7 {[%emt 0:00:23]} Re1 {[%emt 0:01:58]} 57. Kd8 {[%emt 0:00:22]} Nxh3 {[%emt 0:00:14]} 58. d6 {[%emt 0:00:09]} Nxg5 {[%emt 0:01:01]} 59. d7 {[%emt 0:00:13]} Ne6+ {[%emt 0:00:36]} 60. Kc8 {[%emt 0:00:20]} Rc1+ {[%emt 0:00:10]} 61. Kb8 {[%emt 0:00:07]} Rd1 {[%emt 0:00:09]} 62. Kc8 {[%emt 0:00:19]} h3 {[%emt 0:00:04]} 63. d8=Q {[%emt 0:00:10]} Rxd8+ {[%emt 0:00:06]} 64. Rxd8 {[%emt 0:00:05]} Nxd8 {[%emt 0:00:03]} 65. Kxd8 {[%emt 0:00:03]} h2 {[%emt 0:00:09]} 0-1